| 000 | 00492nam a2200181Ia 4500 | ||
|---|---|---|---|
| 003 | GCL | ||
| 008 | 140319s9999 xx 000 0 eng d | ||
| 040 |
_aGCL / _cGCL |
||
| 082 | 0 | 4 |
_a916.2055 _bG E |
| 100 | 1 | _aGOLDING,WILLIAM | |
| 245 | 1 | 0 |
_aAN EGYPTIAN JOURNAL / _cGOLDING,WILLIAM |
| 260 |
_a[S.N] : _bFaber and Faber ، _c1985 |
||
| 300 | _a207 P | ||
| 650 | 0 | 4 | _aNILE VALLEY - DESCRIPTION AND TRAVELS |
| 650 | 0 | 4 | _aVOYAGES AND TRAVELS |
| 650 | 0 | 4 | _aNILE RIVER REGION |
| 942 |
_2ddc _cBK |
||
| 999 |
_c20683 _d20683 |
||